Trayectoria y estructura del movimiento sindical chileno, 1946-1962 / (Record no. 13244)
[ view plain ]
| 000 -CABECERA | |
|---|---|
| campo de control de longitud fija | 00920cam a2200217 a 4500 |
| 001 - NÚMERO DE CONTROL | |
| campo de control | 000013630 |
| 005 - FECHA Y HORA DE LA ÚLTIMA TRANSACCIÓN | |
| campo de control | 20240425141955.0 |
| 008 - DATOS DE LONGITUD FIJA--INFORMACIÓN GENERAL | |
| campo de control de longitud fija | 751022s1963 cl a 000 0 spa d |
| 040 ## - FUENTE DE LA CATALOGACIÓN | |
| Centro catalogador/agencia de origen | DO-SdBNP |
| Lengua de catalogación | spa |
| Centro/agencia transcriptor | BNPHU |
| 082 ## - NÚMERO DE LA CLASIFICACIÓN DECIMAL DEWEY | |
| Número de clasificación | 335.82983 |
| Número de documento/Ítem | B275t |
| 049 ## - FONDOS LOCALES (OCLC) | |
| Fondos de biblioteca | BNGR |
| 100 1# - ENTRADA PRINCIPAL--NOMBRE DE PERSONA | |
| Nombre de persona | Barría Serón, Jorge I. |
| 9 (RLIN) | 31034 |
| 245 10 - MENCIÓN DE TÍTULO | |
| Título | Trayectoria y estructura del movimiento sindical chileno, 1946-1962 / |
| Mención de responsabilidad, etc. | Jorge I. Barría Serón. |
| 260 ## - PUBLICACIÓN, DISTRIBUCIÓN, ETC. | |
| Lugar de publicación, distribución, etc. | Santiago de Chile : |
| Nombre del editor, distribuidor, etc. | Instituto de Organización y Administración, |
| Fecha de publicación, distribución, etc. | 1963. |
| 300 ## - DESCRIPCIÓN FÍSICA | |
| Extensión | xvi, 397 p. ; |
| Dimensiones | 21 cm. |
| 500 ## - NOTA GENERAL | |
| Nota general | En la cubierta: Instituto de Organización y Administración (INSORA) Departamento de Relaciones Laborales, Facultad de Ciencias Económicas, Universidad de Chile. |
| 504 ## - NOTA DE BIBLIOGRAFÍA, ETC. | |
| Nota de bibliografía, etc. | Bibliografía: p. 391-397. |
| 650 #4 - PUNTO DE ACCESO ADICIONAL DE MATERIA--TÉRMINO DE MATERIA | |
| Término de materia o nombre geográfico como elemento de entrada | Sindicalismo |
| Subdivisión geográfica | Chile |
| 9 (RLIN) | 31035 |
| 650 #0 - PUNTO DE ACCESO ADICIONAL DE MATERIA--TÉRMINO DE MATERIA | |
| Término de materia o nombre geográfico como elemento de entrada | Sindicatos |
| 9 (RLIN) | 31036 |
| 710 1# - PUNTO DE ACCESO ADICIONAL--NOMBRE DE ENTIDAD CORPORATIVA | |
| Nombre de entidad corporativa o nombre de jurisdicción como elemento de entrada | INSORA (Instituto). |
| Unidad subordinada | Departamento de Relaciones Laborales. |
| 9 (RLIN) | 31037 |
| Estado de retiro | Estado de pérdida | Restricciones de uso | No para préstamo | Código de colección | Localización permanente | Ubicación/localización actual | Ubicación en estantería | Fecha de adquisición | Número de inventario | Total de préstamos | Signatura topográfica completa | Código de barras | Fecha visto por última vez | Precio válido a partir de | Tipo de ítem Koha |
|---|---|---|---|---|---|---|---|---|---|---|---|---|---|---|---|
| Préstamo interno | Monografías: Libros y Folletos | General | General | En catalogación | 26.11.2009 | LF1 | 335.82983 B275t | 13630-10 | 25.06.2020 | 25.06.2020 | Préstamo interno |
